[Event "Madrid San Viator op 12th"]
[Site "Madrid"]
[Date "2009.06.14"]
[Round "6"]
[White "Alonso Herrero, Ignacio"]
[Black "Algaba Traspuesto, Jose Antonio"]
[Result "0-1"]
[WhiteElo "1815"]
[BlackElo "1777"]
[PlyCount "80"]
[EventDate "2009.05.10"]
[EventType "swiss"]
[EventRounds "9"]
[EventCountry "ESP"]
[SourceTitle "EXT 2010"]
[Source "ChessBase"]
[SourceDate "2010.11.25"]
[SourceVersion "1"]
[SourceVersionDate "2010.11.25"]
[SourceQuality "1"]

1. e4 e6 2. d4 d5 3. e5 c5 4. Nf3 cxd4 5. Bd3 b6 6. 0-0 Ba6 7. Nxd4 Ne7 8. Bg5 Qd7 9. Re1 Bxd3 10. cxd3 Nbc6 11. Nxc6 Nxc6 12. d4 Be7 13. Bxe7 Qxe7 14. Qa4 Qd7 15. Nc3 Na5 16. Qxd7+ Kxd7 17. Nb5 Nb7 18. Rac1 Rhc8 19. Rc3 a6 20. Na3 Rxc3 21. bxc3 Rc8 22. Re3 Na5 23. Kf1 b5 24. Nc2 Nc4 25. Rg3 g6 26. Nb4 a5 27. Na6 Nd2+ 28. Ke1 Ne4 29. Rf3 Ke7 30. Nc5 Nxc5 31. dxc5 Rxc5 32. Kd2 Rc4 33. Kc2 Re4 34. Re3 Rxe3 35. fxe3 Kd7 36. Kd3 Kc6 37. Kd4 b4 38. g3 Kb5 39. h3 a4 40. Kd3 b3 0-1

[Event "Madrid San Viator op 12th"]
[Site "Madrid"]
[Date "2009.05.10"]
[Round "1"]
[White "Alonso Herrero, Ignacio"]
[Black "Tolosana Esteban, Enrique"]
[Result "1/2-1/2"]
[WhiteElo "1815"]
[BlackElo "1888"]
[PlyCount "119"]
[EventDate "2009.05.10"]
[EventType "swiss"]
[EventRounds "9"]
[EventCountry "ESP"]
[SourceTitle "EXT 2010"]
[Source "ChessBase"]
[SourceDate "2010.11.25"]
[SourceVersion "1"]
[SourceVersionDate "2010.11.25"]
[SourceQuality "1"]

1. e4 c5 2. Nf3 d6 3. Nc3 Nf6 4. Bb5+ Bd7 5. Bxd7+ Nbxd7 6. d4 cxd4 7. Nxd4 g6 8. 0-0 Bg7 9. Re1 0-0 10. Bg5 h6 11. Be3 a6 12. Qd2 Ng4 13. Rad1 Nxe3 14. Qxe3 Rc8 15. Nf3 b5 16. Re2 Nb6 17. Nd5 Nc4 18. Qa7 Nxb2 19. Nxe7+ Kh7 20. Nxc8 Nxd1 21. Nxd6 Qxd6 22. Rd2 Qc6 23. Rxd1 Qxc2 24. Re1 Qxa2 25. Qe7 Qe6 26. Qb7 Bc3 27. Re3 b4 28. h3 Rc8 29. Rd3 b3 30. e5 Bxe5 31. Nxe5 Rc1+ 32. Kh2 Qxe5+ 33. g3 b2 34. Rb3 Rc7 35. Qxa6 Qd5 36. Qb6 Rc1 37. g4 Kg7 38. Rxb2 g5 39. Qb7 Rh1+ 40. Kg3 Qe5+ 41. Kg2 Qh2+ 42. Kf3 Qxh3+ 43. Ke2 Qxg4+ 44. f3 Qc4+ 45. Kf2 Rh2+ 46. Kg1 Rh3 47. Kg2 Qh4 48. Qb8 Rh1 49. Qe5+ Kg6 50. Rb6+ Kh5 51. Rxh6+ Kxh6 52. Qf6+ Kh7 53. Qxf7+ Kh8 54. Qf8+ Kh7 55. Qf7+ Kh8 56. Qf8+ Kh7 57. Qf7+ Kh6 58. Qf6+ Kh5 59. Qf7+ Kh6 60. Qf6+ 1/2-1/2

[Event "Madrid San Viator 9th"]
[Site "Madrid"]
[Date "2007.11.04"]
[Round "7.6"]
[White "Montero Montero, Juan Jose"]
[Black "Alonso Herrero, Ignacio"]
[Result "0-1"]
[WhiteElo "1705"]
[BlackElo "1800"]
[PlyCount "58"]
[EventDate "2007.09.30"]
[EventType "swiss"]
[EventRounds "9"]
[EventCountry "ESP"]
[SourceTitle "EXT 2024"]
[Source "ChessBase"]
[SourceDate "2023.10.10"]
[SourceVersion "1"]
[SourceVersionDate "2023.10.10"]
[SourceQuality "1"]

1. e4 e5 2. Nf3 Nc6 3. d4 d5 4. dxe5 dxe4 5. Qxd8+ Nxd8 6. Nd4 Bd7 7. Bf4 Ne6 8. Nxe6 Bxe6 9. Nd2 f5 10. exf6 Nxf6 11. Bxc7 Rc8 12. Be5 Rxc2 13. Bb5+ Bd7 14. Bxd7+ Kxd7 15. Bxf6 gxf6 16. Nxe4 Bb4+ 17. Kd1 Rxb2 18. Kc1 Re2 19. a3 Ba5 20. Nc5+ Ke7 21. Nb3 Bc3 22. Rb1 Ra2 23. Rd1 Rc8 24. Rd3 Rxf2 25. Rf3 Re2 26. Rxc3 Rxc3+ 27. Kd1 Rxg2 28. Nd2 Rg1+ 29. Ke2 Rxb1 0-1

[Event "Madrid San Viator 9th"]
[Site "Madrid"]
[Date "2007.10.28"]
[Round "5.2"]
[White "Vazquez Torres, Adrian"]
[Black "Alonso Herrero, Ignacio"]
[Result "1-0"]
[WhiteElo "1827"]
[BlackElo "1800"]
[PlyCount "45"]
[EventDate "2007.09.30"]
[EventType "swiss"]
[EventRounds "9"]
[EventCountry "ESP"]
[SourceTitle "EXT 2024"]
[Source "ChessBase"]
[SourceDate "2023.10.10"]
[SourceVersion "1"]
[SourceVersionDate "2023.10.10"]
[SourceQuality "1"]

1. e4 e5 2. Nf3 Nc6 3. Bb5 f5 4. Qe2 fxe4 5. Bxc6 dxc6 6. Nxe5 Qd4 7. Nf3 Qb4 8. Nc3 Nf6 9. Ng5 Bf5 10. 0-0 Bg4 11. f3 Qc5+ 12. d4 Qxd4+ 13. Be3 exf3 14. gxf3 Bxf3 15. Qxf3 Qd7 16. Nce4 0-0-0 17. Rad1 Bd6 18. Bc5 Nxe4 19. Nxe4 Rhf8 20. Nxd6+ cxd6 21. Qxf8 Rxf8 22. Rxf8+ Kc7 23. Bxd6+ 1-0

[Event "Madrid San Viator 9th"]
[Site "Madrid"]
[Date "2007.09.30"]
[Round "1.4"]
[White "Alonso Herrero, Ignacio"]
[Black "Anton Guijarro, David"]
[Result "1-0"]
[WhiteElo "1800"]
[BlackElo "1957"]
[PlyCount "99"]
[EventDate "2007.09.30"]
[EventType "swiss"]
[EventRounds "9"]
[EventCountry "ESP"]
[SourceTitle "EXT 2024"]
[Source "ChessBase"]
[SourceDate "2023.10.10"]
[SourceVersion "1"]
[SourceVersionDate "2023.10.10"]
[SourceQuality "1"]

1. d4 Nf6 2. c4 e6 3. Nf3 b6 4. g3 Bb7 5. Bg2 Bb4+ 6. Bd2 Be7 7. 0-0 0-0 8. Nc3 d6 9. Qc2 c5 10. d5 exd5 11. Nxd5 Nxd5 12. cxd5 Nd7 13. Rfe1 Bxd5 14. Ng5 Bxg5 15. Bxd5 Rb8 16. Rad1 Be7 17. e4 Qc7 18. Bf4 Rbd8 19. Qb3 g5 20. Bc1 Ne5 21. f4 gxf4 22. gxf4 Ng6 23. Kh1 Bf6 24. Rg1 Kh8 25. e5 dxe5 26. f5 Nf4 27. a3 Nxd5 28. Rxd5 Qc6 29. Rgd1 Rxd5 30. Qxd5 Qxd5+ 31. Rxd5 Re8 32. Rd6 Kg7 33. Kg2 e4 34. Be3 Bxb2 35. Bh6+ Kg8 36. Kf1 c4 37. Rc6 b5 38. a4 bxa4 39. Rxc4 a3 40. Ra4 e3 41. Ke2 Bc1 42. Rg4+ Kh8 43. Bg7+ Kg8 44. Bb2+ Kf8 45. Bxc1 Re5 46. Bxa3+ Ke8 47. f6 Rh5 48. Be7 Rxh2+ 49. Kxe3 Ra2 50. Rd4 1-0